000 00532nam a2200181Ia 4500
005 20250508154049.0
008 008 250505s9999 xx 000 0 eng d
037 _aTextual
040 _aFEDL
_beng
_cFEDL
041 _aeng
_2eng
084 _a510.9, CAR
_qFEDL
100 _aCarruccio Ettore
_970976
245 0 _aMathematics and logic in history and in contemporary thought
260 _aLondon, UK
_bFaber and Faber Limited
_c1964
300 _a398p
942 _cTEXL
_h510.9, CAR
999 _c1347394
_d1347394